Statistics for Movies with a Language in their Title

Click here to take the quiz!

General Stats

  • This quiz has been taken 114 times
  • The average score is 5 of 8

Answer Stats

Year Movie % Correct
2002My Big Fat {Greek} Wedding
95%
1971The {French} Connection
87%
2003The {Italian} Job
84%
2003Johnny {English}
80%
1996The {English} Patient
80%
2010Get Him to the {Greek}
45%
2015The {Danish} Girl
23%
2006The Good {German}
22%

Score Distribution

Percentile by Number Answered

Percent of People with Each Score

Your Score History

You have not taken this quiz